[Event "CRO-chT"]
[Site "Tucepi"]
[Date "1996.??.??"]
[Round "?"]
[White "Tukmakov, Vladimir B"]
[Black "Bacic, Milan"]
[Result "1-0"]
[WhiteElo "2595"]
[BlackElo "2275"]
[PlyCount "51"]
[EventDate "1996.??.??"]
[EventType "team"]
[EventRounds "9"]
[EventCountry "CRO"]
[SourceTitle "EXT 1998"]
[Source "ChessBase"]
[SourceDate "1997.11.17"]
[SourceVersion "1"]
[SourceVersionDate "1997.11.17"]
[SourceQuality "1"]

1. d4 b6 2. c4 Bb7 3. Nc3 a6 4. e4 d6 5. Nf3 Nd7 6. Bd3 c5 7. d5 Ngf6 8. 0-0 g6 9. h3 Bg7 10. Bf4 h6 11. Re1 g5 12. Bh2 Kf8 13. e5 dxe5 14. Nxe5 Nxe5 15. Bxe5 Bc8 16. Qf3 g4 17. hxg4 Bxg4 18. Qf4 h5 19. Bc7 Qc8 20. Rxe7 Rh6 21. Na4 Bh3 22. gxh3 Qxh3 23. Bf5 Rg6+ 24. Bxg6 fxg6 25. Rae1 Kg8 26. Rxg7+ 1-0